|
|
|
|
| LEADER |
00000nam a22000007a 4500 |
| 005 |
20191114203811.0 |
| 007 |
cr|||| |||| |
| 008 |
191114s2018 co |||||s|||| 00||0 spa d |
| 020 |
|
|
|a 978-958-762-875-3
|
| 035 |
|
|
|a 30670
|
| 040 |
|
|
|a vLex
|
| 090 |
|
|
|c 9997
|d 9997
|
| 100 |
1 |
|
|a Pachn̤ Lucas, Carlos
|
| 245 |
1 |
0 |
|a Empleo pb︢lico y carrera administrativa
|h [Recurso electrn̤ico] :
|b Entidades nacionales y territoriales /
|c Carlos Pachn̤ Lucas
|
| 256 |
|
|
|a Servicio en ln̕ea
|
| 260 |
|
|
|a Bogot:̀
|b Ediciones de la U,
|c 2018
|
| 300 |
|
|
|a 1 recurso electrn̤ico
|
| 500 |
|
|
|a Normas. Explicaciones. Sn̕tesis de jurisprudencia. Índice temt̀ico remitido a normas La presente obra es el acopio normativo referido a la gestin̤ del empleo pb︢lico en sus componentes de: estructura del empleo, carrera administrativa, rǧimen salarial, formalizacin̤ del empleo.Contiene, adems̀ de las normas actualizadas y concordadas: explicaciones, resm︢enes de jurisprudencia de la Corte Constitucional y del Consejo de Estado, comentarios y aportes doctrinales del autor, y un n̕dice remitido a normas para facilitar la consulta.Soluciona las dificultades de consulta por la dispersin̤ normativa en estas materias. Aplica a las entidades nacionales y territoriales. (El trabajo complementa otro libro del mismo autor, un ensayo original y n︢ico denominado ?Los Servidores Pb︢licos?).Es un libro de utilidad para los funcionarios que dirigen las r̀eas de talento humano, jurd̕ica, administrativa, etc. y por supuesto para el conjunto de los servidores pb︢licos. Orienta la actividad contencioso ? administrativa de origen laboral y la ct̀edra sobre gestin̤ del talento humano referida al sector pb︢lico colombiano.
|
| 506 |
1 |
|
|a Disponible solo en los productos indicados
|d vLex Global
|d vLex Global (Academic Edition, excluding Law Schools)
|d vLex Global (U.S. Academic Edition, Law Schools)
|d vLex Global (U.S. Academic Edition, excluding Law Schools)
|d vLex Global (Academic Edition, Law Schools)
|
| 650 |
0 |
4 |
|a Derecho Pb︢lico y Administrativo
|z Colombia
|
| 740 |
0 |
|
|a vLex Libros (Servicio en ln̕ea)
|
| 856 |
4 |
0 |
|u http://vlex.com/source/empleo-publico-y-carrera-administrativa-entidades-nacionales-y-territoriales-30670
|z Acceso restringido
|
| 942 |
|
|
|c BOOK
|
| 999 |
0 |
|
|a Public and Administrative Law
|